|
|
|
|
| LEADER |
00578 a2200169 4500 |
| 008 |
140529b xxu||||| |||| 00| 0 eng d |
| 020 |
|
|
|a 9788131604786
|
| 082 |
|
|
|a 194.F
|
| 245 |
|
|
|a Michel Foucault /
|c edited by Dianna Taylor
|
| 260 |
|
|
|c 2012
|b Rawat publishing,
|a Jaipur:
|
| 300 |
|
|
|a viii, 200p. ;
|c 22 cm.
|
| 650 |
|
|
|a Philosophy
|
| 650 |
|
|
|a Foucault, Michel
|
| 700 |
|
|
|a Dianna Taylor
|e editor.
|
| 942 |
|
|
|2 ddc
|c BK
|
| 999 |
|
|
|c 101856
|d 101856
|
| 952 |
|
|
|0 0
|1 0
|2 ddc
|4 0
|6 194F_MIC
|7 0
|9 102097
|a UL
|b UL
|c ST1
|d 2013-06-13
|e 2
|g 507.35
|l 20
|m 11
|o 194F MIC
|p 90301
|r 2021-12-13
|s 2021-12-11
|v 695.00
|y BK
|